000 00242nam a22000857a 4500
008 160704b xxu||||| |||| 00| 0 eng d
100 _91924
_a Siddiqui, M.H
245 _aTechniques of Classroom Teaching
260 _aNew Delhi
_bAPH Publication
_c2005
999 _c1626
_d1626